| 000 | 00000nam##2200000za#4500 |
| 001 | 9.698953 |
| 003 | CaOODSP |
| 005 | 20241203113638 |
| 007 | cr ||||||||||| |
| 008 | 150407|2005||||xxc|||||o f|0| 0 eng|d |
| 040 | |aCaOODSP|beng |
| 043 | |an-cn--- |
| 086 | 1 |aEn84-109/2005E-PDF |
| 110 | 1 |aCanada. |bEnvironment Canada. |
| 245 | 10|aGeorgia Basin Action Plan : |h[electronic resource]|bupdate 2005 / |cwritten and designed by Geoff Gilliard. |
| 260 | |aVancouver - British Columbia : |bEnvironment Canada |c2005. |
| 300 | |a22p.|bcoloured illus., coloured maps, photographs |
| 590 | |a14-08-Supp|b2014-04-10 |
| 690 | 07|aEnvironmental protection|2gcpds |
| 775 | 08|tPlan d'action du bassin de Georgia : |w(CaOODSP)9.643033 |
| 856 | 40|ahttp://publications.gc.ca|qPDF|s2.01 MB|uhttps://publications.gc.ca/collections/collection_2014/ec/En84-109-2005-eng.pdf |